| 000 | 00686nam a22002057a 4500 | ||
|---|---|---|---|
| 003 | OSt | ||
| 005 | 20260128061820.0 | ||
| 008 | 260128b |||||||| |||| 00| 0 eng d | ||
| 020 | _a971-513-206-5. | ||
| 040 |
_aHM and Nursing Lib. _cOC |
||
| 082 |
_21st ed. _aFil. 611 B352 2006 |
||
| 100 | _aBautista, Joy N. | ||
| 245 |
_aAnatomy and physiology for the health profession/ _cJoy N. Bautista |
||
| 260 |
_aManila : _bEducational Publishing House, _c c2006. |
||
| 300 |
_ax, 319 p. : _billustration. ; _c25 cm. |
||
| 504 | _aIncludes bibliographical references and index. | ||
| 650 | _a1. Human anatomy. | ||
| 650 | _a2. Physiology. | ||
| 942 |
_2ddc _cBK - FIL _e1st ed. _hFil. _n0 |
||
| 999 |
_c7903 _d7903 |
||